[Event "POR-ch U14/20"]
[Site "Fatima"]
[Date "2022.04.13"]
[Round "6"]
[White "Gomes, Estevao Manuel"]
[Black "Gama, Joao Tiago Correged"]
[Result "1-0"]
[WhiteElo "2047"]
[BlackElo "1637"]
[PlyCount "57"]
[EventDate "2022.04.10"]
[EventType "swiss"]
[EventRounds "9"]
[EventCountry "POR"]
[SourceTitle "EXT 2023"]
[Source "ChessBase"]
[SourceDate "2022.10.05"]
[SourceVersion "1"]
[SourceVersionDate "2022.10.05"]
[SourceQuality "1"]

1. e4 e6 2. d4 d5 3. Nd2 c5 4. exd5 exd5 5. Ngf3 Nc6 6. Bb5 Bd6 7. 0-0 Nge7 8. c4 Be6 9. Ng5 Qc7 10. Nxe6 fxe6 11. Qh5+ g6 12. Qh3 Nf5 13. cxd5 exd5 14. Re1+ Kf7 15. dxc5 Bxc5 16. Bxc6 bxc6 17. Nf3 Kg7 18. b4 Be7 19. Bb2+ Bf6 20. Ng5 Qd7 21. Ne6+ Kf7 22. Bxf6 Kxf6 23. g4 Ne7 24. Qf3+ Nf5 25. gxf5 gxf5 26. Qc3+ Kf7 27. Qg7+ Ke8 28. Nc5+ Qe7 29. Qxe7# 1-0

[Event "POR-ch U14/20"]
[Site "Fatima"]
[Date "2022.04.12"]
[Round "4"]
[White "Asseiceiro, Lucas Teixeira"]
[Black "Gama, Joao Tiago Correged"]
[Result "0-1"]
[WhiteElo "1580"]
[BlackElo "1637"]
[PlyCount "54"]
[EventDate "2022.04.10"]
[EventType "swiss"]
[EventRounds "9"]
[EventCountry "POR"]
[SourceTitle "EXT 2023"]
[Source "ChessBase"]
[SourceDate "2022.10.05"]
[SourceVersion "1"]
[SourceVersionDate "2022.10.05"]
[SourceQuality "1"]

1. e4 c5 2. c3 g6 3. Nf3 Bg7 4. d4 cxd4 5. cxd4 d6 6. Nc3 Nc6 7. Be3 Nf6 8. Be2 0-0 9. 0-0 a6 10. Qd2 b5 11. a3 Bb7 12. d5 Na5 13. Qc2 Rc8 14. b4 Nxd5 15. Bd4 Nxc3 16. bxa5 Bxe4 17. Qd2 Nxe2+ 18. Qxe2 Bxf3 19. Qxf3 Bxd4 20. Rae1 Bc3 21. Re4 Bxa5 22. Rh4 Rc4 23. g4 Qd7 24. h3 Bd2 25. Qg2 Bg5 26. Rh5 gxh5 27. gxh5 Kh8 0-1